Score 0/12 Timer 01:00
0 Plays Today
% Correct
Cain
87.9%
Chronicles
79.8%
Cherub
76.8%
Corinth
75.3%
Christ
69.1%
Cornelius
65.8%
Calvary
65.5%
Cyrus
61.8%
Carmel
61%
Caleb
60.7%
Canaan
54.8%
Cana
53.3%
Remove Ads.
Support Sporcle.
Get the best of Sporcle when you Go Orange. This ad-free experience offers more features, more stats, and more fun while also helping to support Sporcle. Thank you for becoming a member.

You're not logged in!

Compare scores with friends on all Sporcle quizzes.
OR
Log In

Sporcle TV

Today on Sporcle TV


Watch our educational content, quiz creation guides, and fun videos on Sporcle TV.

Show Comments

Extras

Top Quizzes Today


Score Distribution

Paid Content

Your Account Isn't Verified!

In order to create a playlist on Sporcle, you need to verify the email address you used during registration. Go to your Sporcle Settings to finish the process.

Report this User

Report this user for behavior that violates our Community Guidelines.

Details: